000 01577nam a2200253Ii 4500
008 221202s xx 000 0 und d
245 4 _aThe Russian Revolutions of 1917
246 _aThe Northern Impact and Beyond
264 _bAcademic Studies Press
_c2019
300 _a1 online resource
336 _atext
_btxt
_2rdacontent
337 _acomputer
_bc
_2rdamedia
338 _aonline resource
_bcr
_2rdacarrier
520 _aIn October 2017, UiT : the Arctic University of Norway hosted the international conference The Russian Revolutions of 1917: The Northern Impact and Beyond. The aim was to explore the events of 1917 in Russia, with a particular focus on the northern regions and the impact on Russia’s neighbor state in the northwestern corner of the empire, Norway. The conference also included contributions that reach beyond the North, opening up for more general perspectives on the revolutionary events of 1917 and their impact in Europe, as well as Russia. Several contributions contain a bilateral perspective, discussing the reception of the Russian revolutions of 1917 in Scandinavian states and the significance of these events for the bilateral relations between various states.
653 _aHistory
653 _aRussia & The Former Soviet Union
700 1 _a Aga
700 1 _a Petter
700 1 _aMyklebost, Kari
700 1 _aNielsen, Jens
700 1 _aRogatchevski, Andrei
856 _uhttps://library.oapen.org/bitstream/20.500.12657/43898/1/external_content.pdfhttps://library.oapen.org/handle/20.500.12657/43898
942 _cE-BOOK
999 _c66842
_d66842